| 000 | 00729aam a2200241 a 4500 | ||
|---|---|---|---|
| 008 | |||
| 020 | _a0201182408 (hbk.) | ||
| 049 | _aMAIN | ||
| 090 |
_aTS191 _bMAC |
||
| 100 | 1 | _aMcKerrow, Phillip. | |
| 245 | 1 | 0 |
_aIntroduction to robotics / _cPhillip John McKerrow. |
| 260 |
_aSydney ; _aReading, Mass. : _bAddison-Wesley Pub. Co., _cc1991. |
||
| 300 |
_axvi, 811 p. : _bill. ; _c24 cm. |
||
| 440 | 0 | _aElectronic systems engineering series | |
| 500 | _aIncludes index. | ||
| 504 | _aIncludes bibliographical references. | ||
| 650 | 0 | _aRobotics. | |
| 907 |
_a.b10008093 _b20-04-12 _c17-04-03 |
||
| 003 | |||
| 005 | 20230123133902.0 | ||
| 040 | _cNUST | ||
| 942 |
_cBOOKS _kTS191 _mMAC |
||
| 999 |
_c156291 _d156291 |
||